Albums to Artists - Statistics

General Stats
  • This quiz has been taken 40 times
  • The average score is 8 of 20
Answer Stats
Album Artist % Correct
Slim Shady LP 2 Eminem
89%
A Night at the Opera Queen
78%
Off the Wall Michael Jackson
75%
Lemonade Beyonce
67%
1989 Taylor Swift
61%
Slippery When Wet Bon Jovi
58%
Tha Carter IV Lil Wayne
47%
The Razors Edge ACDC
42%
Stillmatic Nas
39%
The PinkPrint Nicki Minaj
36%
Believe Justin Bieber
28%
V Maroon 5
28%
A Head Full of Dreams Coldplay
25%
Odelay Beck
19%
Globalization Pitbull
19%
Revival Selena Gomez
17%
To the Extreme Vanilla Ice
14%
Cannibal Ke$ha
8%
Rokstarr Taio Cruz
8%
Motion Calvin Harris
6%
No matching quizzes found
Score Distribution
Percent of People with Each Score
Percentile by Number Answered
Your Score History
You have not taken this quiz